Szczegóły MARC21

Dynastie : wzloty i upadki największych firm rodzinnych /

005 -DATA I CZAS OSTATNIEJ MODYFIKACJI [,]
    • @
    • pole kontrolne
    • 20140108102449.0
020 -Międzynarod. znormalizowany nr książki - ISBN [ , ]
    • a
    • Numer ISBN
    • 9788374951500 Find
040 -Instytucja sporządzająca opis [ , ]
    • a
    • Instytucja, która sporządziła opis (NP)
    • SZCZ U/SA
    • c
    • Instytucja, która sporządziła rekord (NP)
    • SZCZ U/MS
    • d
    • Instytucja, która zmodyfikowała rekord (P)
    • SZCZ U/MS
041 -Język dokumentu [1, ]
    • a
    • Język tekstu (P)
    • polski
    • h
    • Język tekstu oryginalnego i/lub pośredniego (P)
    • angielski
044 -Kraj miejsca wydania [ , ]
    • a
    • Kraj miejsca wydania
    • Polska
942 -Rodzaj dokumentu [ , ]
    • c
    • Rodzaj dokumentu
    • Książka
100 -Hasło główne - nazwa osobowa [1, ]
    • 9
    • KHW
    • 66090
    • a
    • Nazwa osobowa (NP)
    • Landes, David S.
    • d
    • Daty biograficzne (NP)
    • (1924-2013).
245 -Strefa tytułu i oznaczenia odpowiedzialności [1,0]
    • a
    • Tytuł
    • Dynastie : Find
    • b
    • Ciąg dalszy tytułu (NP)
    • wzloty i upadki największych firm rodzinnych / Find
    • c
    • Pozostałe elementy strefy tytułu i oznaczenia odpowiedzialności (NP)
    • David S. Landes ; przeł. Janusz Winiarski.
246 -Wariant tytułu [1, ]
    • i
    • Tekst wyświetlany na ekranie monitora (NP)
    • Tyt. oryg.:
    • a
    • Tytuł (NP)
    • Dynasties :
    • b
    • Ciąg dalszy tytułu (NP)
    • fortunes and misfortunes of the world's great family businesses
260 -Strefa adresu wydawniczego [ , ]
    • a
    • Miejsce wydania (P)
    • Warszawa :
    • b
    • Nazwa wydawcy (P)
    • Muza,
    • c
    • Data wydania (P)
    • 2007.
300 -Strefa opisu fizycznego [ , ]
    • a
    • Określenie formy książki i/lub objętość (NP)
    • 359, [1] s. ;
    • c
    • Format (NP)
    • 21 cm.
500 -Uwaga ogólna [ , ]
    • a
    • Uwaga ogólna (NP)
    • Tyt. oryg.: "Dynasties : fortunes and misfortunes of the world's great family businesses" 2006.
500 -Uwaga ogólna [ , ]
    • a
    • Uwaga ogólna (NP)
    • Na okł.: Najnowsza książka autora Bogactwa i nędzy narodów.
080 -Uniwersalna Klasyfikacja Dziesiętna [ , ]
    • 2
    • Identyfikator wydania tablic
    • UDC-P058
    • 9
    • UKD
    • 5629
    • a
    • Symbol klasyfikacji
    • 658.3-057.17
    • b
    • Dopowiedzenie
    • Kadra kierownicza przedsiębiorstwa.
    • 4
    • UKD2
    • 12483
    • x
    • Poddział wspólny
    • "16/20"
    • c
    • Dopowiedzenie poddz. wspólnego
    • Od XVII do XXI w.
080 -Uniwersalna Klasyfikacja Dziesiętna [ , ]
    • 2
    • Identyfikator wydania tablic
    • UDC-P058
    • 9
    • UKD
    • 3121
    • a
    • Symbol klasyfikacji
    • 336
    • b
    • Dopowiedzenie
    • Finanse. Finanse publiczne. Cła. Bankowość. Pieniądz.
    • 4
    • UKD2
    • 12483
    • x
    • Poddział wspólny
    • "16/20"
    • c
    • Dopowiedzenie poddz. wspólnego
    • Od XVII do XXI w.
080 -Uniwersalna Klasyfikacja Dziesiętna [ , ]
    • 2
    • Identyfikator wydania tablic
    • UDC-P058
    • 9
    • UKD
    • 5659
    • a
    • Symbol klasyfikacji
    • 66/69
    • b
    • Dopowiedzenie
    • Przemysł.
    • 4
    • UKD2
    • 12483
    • x
    • Poddział wspólny
    • "16/20"
    • c
    • Dopowiedzenie poddz. wspólnego
    • Od XVII do XXI w.
080 -Uniwersalna Klasyfikacja Dziesiętna [ , ]
    • 2
    • Identyfikator wydania tablic
    • UDC-P058
    • 9
    • UKD
    • 6952
    • a
    • Symbol klasyfikacji
    • 929-052
    • b
    • Dopowiedzenie
    • Biografie zbiorowe.
    • 4
    • UKD2
    • 12483
    • x
    • Poddział wspólny
    • "16/20"
    • c
    • Dopowiedzenie poddz. wspólnego
    • Od XVII do XXI w.
980 -Symbol UKD [ , ]
    • a
    • UKD
    • 658.3-057.17:336:66/69:929-052]"16/20"
700 -Hasło dodatkowe - nazwa osobowa [1, ]
    • 9
    • KHW
    • 22058
    • a
    • Nazwa osobowa (NP)
    • Winiarski, Janusz. Find
    • e
    • Określenie rodzaju współpracy
    • Tł.
710 -Hasło dodatkowe - nazwa ciała zbiorowego [2, ]
    • 9
    • KHW
    • 53316
    • 4
    • Kod relacji
    • pbl
    • a
    • Nazwa ciała zbiorowego lub nazwa geograficzna jako pierwszy element (NP)
    • Muza SA.
920 -ISBN [ , ]
    • a
    • ISBN
    • 978-83-7495-150-0 Find
Status udost. Numer inwentarzowy Data inwentaryzacji Lokalizacja
-2T.138672013-12-04T